Handbook of Mathematical Geodesy: Functional Analytic and Potential Theoretic Methods /

Saved in:
Bibliographic Details
Other Authors: Freeden, W. (Editor), Nashed, Zuhair M. (Editor)
Format: Book
Language:English
Published: Basel: Birkhäuser, 2018
Edition:1. vyd.
Series:Geosystems Mathematics
Subjects:
Tags: Add Tag
No Tags, Be the first to tag this record!

MARC

LEADER 00000nam a22000003a 4500
001 0069521
003 SK-STU
005 20181207090941.0
007 ta
008 181207s ----xo-----e------000-0-----d
020 |a 978-3-319-57179-9 
040 |a STU  |b slo 
041 0 |a eng  |h eng 
044 |a sz 
100 1 |a Freeden, W.  |4 edt 
245 1 0 |a Handbook of Mathematical Geodesy:  |b Functional Analytic and Potential Theoretic Methods /  |c ed. W Freeden 
250 |a 1. vyd. 
260 |a Basel:  |b Birkhäuser,  |c 2018 
300 |a 932 s. 
490 0 |a Geosystems Mathematics 
650 0 7 |a geodesy 
650 0 7 |a mathematics 
650 0 7 |a gravitation field 
650 0 7 |a spherical harmonics 
700 1 |a Nashed, Zuhair M.  |r Z6  |4 edt 
996 |c V* 52828/O-23985  |l VV3  |s P  |a 0  |w 0069521_0001